فرهنگ فارسی ;; Farhang-i Fārsī (mutavassiṭ) : shāmil-i yik muqaddamah va sih bakhsh : lughāt, tarkībāt-i khārijī, iʻlām .../ / (Record no. 77921)
[ view plain ]
| 000 -LEADER | |
|---|---|
| fixed length control field | 01597nam a2200361 i 4500 |
| 001 - CONTROL NUMBER | |
| control field | 77921 |
| 003 - CONTROL NUMBER IDENTIFIER | |
| rucl marc code | BD-RjUL |
| 005 - DATE AND TIME OF LATEST TRANSACTION | |
| control field | 20211209083050.0 |
| 008 - FIXED-LENGTH DATA ELEMENTS--GENERAL INFORMATION | |
| fixed length control field | 210210s1996 ir d 000 0 perod |
| 020 ## - INTERNATIONAL STANDARD BOOK NUMBER | |
| International Standard Book Number | 9640001643 |
| 035 ## - SYSTEM CONTROL NUMBER | |
| System control number | (BD-RjUL)78147 |
| 040 ## - CATALOGING SOURCE | |
| Original cataloging agency | EYM |
| Description conventions | rda |
| Transcribing agency | EYM |
| Modifying agency | UkOxU |
| Language of cataloging | eng |
| 041 ## - LANGUAGE CODE | |
| Language code of text/sound track or separate title | eng |
| 066 ## - CHARACTER SETS PRESENT | |
| Alternate G0 or G1 character set | (4 |
| 082 ## - DEWEY DECIMAL CLASSIFICATION NUMBER | |
| Edition number | 23 |
| Classification number | 491.553 |
| Author mark and year | MOF 1996 |
| 100 1# - MAIN ENTRY--PERSONAL NAME | |
| Personal name | معین, محمد ;; Muʻīn, Muḥammad |
| Relator term | compiler. |
| 9 (RLIN) | 244714 |
| 245 10 - TITLE STATEMENT | |
| Title | فرهنگ فارسی ;; Farhang-i Fārsī (mutavassiṭ) : shāmil-i yik muqaddamah va sih bakhsh : lughāt, tarkībāt-i khārijī, iʻlām .../ / |
| Statement of responsibility, etc. | محمد معین ;; Muḥammad Muʻīn |
| 246 15 - VARYING FORM OF TITLE | |
| Title proper/short title | Persian- Dictionary |
| 250 ## - EDITION STATEMENT | |
| Edition statement | Chāp-i 2. |
| 264 #1 - PRODUCTION, PUBLICATION, DISTRIBUTION, MANUFACTURE, AND COPYRIGHT NOTICE | |
| Place of production, publication, distribution, manufacture | Tihrān : |
| Name of producer, publisher, distributor, manufacturer | Amīr Kabīr Pub., |
| Date of production, publication, distribution, manufacture, or copyright notice | 1375 [1996] |
| 300 ## - PHYSICAL DESCRIPTION | |
| Pagination | 6 v. ; |
| Size | 22 cm |
| 490 1# - SERIES STATEMENT | |
| Series statement | Mo'in Persian dictionaries; 3 |
| 505 ## - FORMATTED CONTENTS NOTE | |
| Formatted contents note | Vol. 1 A-Kh -- v. 2 D-GH -- v. 3 K-Maʻlūma -- v. 4 Mcallā-Ye(a)Yla and foreign compound expressions -- v. 5 Proper names: A-oyun -- v. 6 Proper names: Yāt-Yey(ay) |
| 650 #0 - SUBJECT ADDED ENTRY--TOPICAL TERM | |
| Topical term or geographic name as entry element | Persian dictionary |
| 9 (RLIN) | 244715 |
| Topical term or geographic name as entry element | Persian language. |
| 9 (RLIN) | 244716 |
| 700 ## - ADDED ENTRY--PERSONAL NAME | |
| Personal name | Muʻīn, Muḥammad |
| 880 ## - ALTERNATE GRAPHIC REPRESENTATION | |
| Linkage | 250-03/(4/r |
| a | چاپ ۲. |
| Linkage | 264-04/(4/r |
| a | تهران : |
| b | مؤسسهٔ انتشارات و چاپ دانشگاه تهران، |
| c | ۱۳۵۸. |
| Linkage | 100-01/(4/r |
| a | فرهوشی، بهرام. |
| Linkage | 245-02/(4/r |
| a | فرهنگ فارسی به پهلوی / |
| c | تألیف بهرام فرهوشی. |
| Linkage | 830-05/(4/r |
| a | انتشارات دانشگاه تهران ؛ |
| v | ۱۷۴۹. |
| 942 ## - ADDED ENTRY ELEMENTS (KOHA) | |
| Source of classification or shelving scheme | Dewey Decimal Classification |
| Koha item type | Reference |
| Lost status | Source of classification or shelving scheme | Damaged status | Not for loan | Collection code | Permanent Location | Current Location | Shelving location | Date acquired | Source of acquisition | Cost, normal purchase price | Total Checkouts | Full call number | Date last seen | Copy number | Koha item type |
|---|---|---|---|---|---|---|---|---|---|---|---|---|---|---|---|
| Dewey Decimal Classification | Not For Loan | Reference | Central Library, University of Rajshahi | Central Library, University of Rajshahi | 11/07/2007 | paragon International , Dhaka | 50.00 | FR 491.553 MOF V-1 1996 | 10/02/2021 | C-1 | Reference | ||||
| Dewey Decimal Classification | Not For Loan | Reference | Central Library, University of Rajshahi | Central Library, University of Rajshahi | 11/07/2007 | paragon International , Dhaka | 50.00 | FR 491.553 MOF V-1 1996 | 10/02/2021 | C-1 | Reference | ||||
| Dewey Decimal Classification | Not For Loan | Reference | Central Library, University of Rajshahi | Central Library, University of Rajshahi | 11/07/2007 | paragon International , Dhaka | 50.00 | FR 491.553 MOF V-2 1996 | 10/02/2021 | C-1 | Reference | ||||
| Dewey Decimal Classification | Not For Loan | Reference | Central Library, University of Rajshahi | Central Library, University of Rajshahi | 11/07/2007 | paragon International , Dhaka | 50.00 | FR 491.553 MOF V-2 1996 | 10/02/2021 | C-2 | Reference | ||||
| Dewey Decimal Classification | Not For Loan | Reference | Central Library, University of Rajshahi | Central Library, University of Rajshahi | 11/07/2007 | paragon International , Dhaka | 50.00 | FR 491.553 MOF V-3 1996 | 10/02/2021 | C-1 | Reference | ||||
| Dewey Decimal Classification | Not For Loan | Reference | Central Library, University of Rajshahi | Central Library, University of Rajshahi | 11/07/2007 | paragon International , Dhaka | 50.00 | FR 491.553 MOF V-3 1996 | 10/02/2021 | C-2 | Reference | ||||
| Dewey Decimal Classification | Not For Loan | Reference | Central Library, University of Rajshahi | Central Library, University of Rajshahi | 11/07/2007 | paragon International , Dhaka | 50.00 | FR 491.553 MOF V-4 1996 | 10/02/2021 | C-1 | Reference | ||||
| Dewey Decimal Classification | Not For Loan | Reference | Central Library, University of Rajshahi | Central Library, University of Rajshahi | 11/07/2007 | paragon International , Dhaka | 50.00 | FR 491.553 MOF V-4 1996 | 10/02/2021 | C-2 | Reference | ||||
| Dewey Decimal Classification | Not For Loan | Reference | Central Library, University of Rajshahi | Central Library, University of Rajshahi | 11/07/2007 | paragon International , Dhaka | 50.00 | FR 491.553 MOF V-5 1996 | 10/02/2021 | C-1 | Reference | ||||
| Dewey Decimal Classification | Not For Loan | Reference | Central Library, University of Rajshahi | Central Library, University of Rajshahi | 11/07/2007 | paragon International , Dhaka | 50.00 | FR 491.553 MOF V-5 1996 | 10/02/2021 | C-2 | Reference | ||||
| Dewey Decimal Classification | Not For Loan | Reference | Central Library, University of Rajshahi | Central Library, University of Rajshahi | 11/07/2007 | paragon International , Dhaka | 50.00 | FR 491.553 MOF V-6 1996 | 10/02/2021 | C-1 | Reference | ||||
| Dewey Decimal Classification | Not For Loan | Reference | Central Library, University of Rajshahi | Central Library, University of Rajshahi | 11/07/2007 | paragon International , Dhaka | 50.00 | FR 491.553 MOF V-6 1996 | 10/02/2021 | C-2 | Reference |